000 00775nam a22002537a 4500
003 OSt
005 20230703061459.0
008 230703b |||||||| |||| 00| 0 eng d
020 _a9781544057170
040 _cNIRUC
_dNIRUC
050 _aU413.S63 2012
100 _aSpade, Jayson M
245 _aInformation As Power :
_bChina's cyber power and America's national security / by Colonel Jayson M. Spade and Edited by Jeffery L. Caton.
260 _aUnited States:
_bCarlisle Barracks, PA
_c2012
300 _a71p.;
_c28 cm.
650 _aUnited States
650 _aUnited States.
650 _aComputer networks.
650 _aCyberterrorism.
651 _zChina
700 _aCaton, Jeffrey L.
_eeditor.
700 _aArmy War College (U.S.)
942 _2lcc
_cBK
_n0
999 _c400
_d400